Incidence of fatty liver in adult egyptian diabetics / (Record no. 177731)

MARC details
000 -LEADER
fixed length control field 01394namaa22003251i 4500
005 - أخر تعامل مع التسجيلة
control field 20260404115917.0
008 - FIXED-LENGTH DATA ELEMENTS--GENERAL INFORMATION
fixed length control field 260115s1995 ua a|||frm||| 000 0 eng d
040 ## - CATALOGING SOURCE
Original cataloguing agency EG-GICUC
Language of cataloging eng
Transcribing agency EG-GICUC
Modifying agency EG-GICUC
Description conventions rda
041 0# - LANGUAGE CODE
Language code of text/sound track or separate title eng
Language code of summary or abstract eng
-- ara
049 ## - Acquisition Source
Acquisition Source Deposit
097 ## - Degree
Degree M.Sc
099 ## - LOCAL FREE-TEXT CALL NUMBER (OCLC)
Local Call Number Cai01.11.18.M.Sc.1995.Sa.I
100 0# - MAIN ENTRY--PERSONAL NAME
Authority record control number or standard number Sameh Fathy Ibrahim,
Preparation preparation.
245 10 - TITLE STATEMENT
Title Incidence of fatty liver in adult egyptian diabetics /
Statement of responsibility, etc. By Sameh Fathy Ibrahim ; Supervised Prof. Dr. Khadega R. El-Ashmawy, Dr. Aly B. Hammad, Dr. Mona M. Abd El-Rahman
246 15 - VARYING FORM OF TITLE
Title proper/short title دراسة عن معدل تراكم الدهون في الكبد في مرضي السكر المصريين البالغين
264 #0 - PRODUCTION, PUBLICATION, DISTRIBUTION, MANUFACTURE, AND COPYRIGHT NOTICE
Date of production, publication, distribution, manufacture, or copyright notice 1995.
300 ## - PHYSICAL DESCRIPTION
Extent 133 Leaves :
Other physical details illustrations
Dimensions 30 cm. +
336 ## - CONTENT TYPE
Source rda content
Content type term text
337 ## - MEDIA TYPE
Source rdamedia
Media type term Unmediated
338 ## - CARRIER TYPE
Source rdacarrier
Carrier type term volume
502 ## - DISSERTATION NOTE
Dissertation note Thesis (M.Sc.)-Cairo University, 1995.
504 ## - BIBLIOGRAPHY, ETC. NOTE
Bibliography, etc. note Bibliography: pages 114-133
653 #0 - INDEX TERM--UNCONTROLLED
Uncontrolled term diabetics
-- liver
-- adult Egyptian
700 0# - ADDED ENTRY--PERSONAL NAME
Personal name Khadega R. El-Ashmawy
Relator term thesis advisor.
700 0# - ADDED ENTRY--PERSONAL NAME
Personal name Aly B. Hammad
Relator term thesis advisor.
700 0# - ADDED ENTRY--PERSONAL NAME
Personal name Mona M. Abd El-Rahman
Relator term thesis advisor.
900 ## - Thesis Information
Department Department of Internal Medicine
Faculties Faculty of Medicine
Universities Cairo University
Grant date 1995
Supervisory body Khadega R. El-Ashmawy
-- Aly B. Hammad
-- Mona M. Abd El-Rahman
905 ## - Cataloger and Reviser Names
Cataloger Name Nehad
Reviser Names Nourhan
942 ## - ADDED ENTRY ELEMENTS (KOHA)
Source of classification or shelving scheme Dewey Decimal Classification
Koha item type Thesis
Edition 21
Suppress in OPAC No
Holdings
Source of classification or shelving scheme Home library Current library Date acquired Inventory number Full call number Barcode Date last seen Effective from Koha item type
Dewey Decimal Classification المكتبة المركزبة الجديدة - جامعة القاهرة مكتبة المئوية 15.01.2026 26644 Cai01.11.18.M.Sc.1995.Sa.I 01010110026644000 15.01.2026 15.01.2026 Thesis
Cairo University Libraries Portal Implemented & Customized by: Eng. M. Mohamady Contacts: new-lib@cl.cu.edu.eg | cnul@cl.cu.edu.eg
CUCL logo CNUL logo
© All rights reserved — Cairo University Libraries
CUCL logo
Implemented & Customized by: Eng. M. Mohamady Contact: new-lib@cl.cu.edu.eg © All rights reserved — New Central Library
CNUL logo
Implemented & Customized by: Eng. M. Mohamady Contact: cnul@cl.cu.edu.eg © All rights reserved — Cairo National University Library